| 000 | 00723nam a2200217 a 4500 | ||
|---|---|---|---|
| 001 | 000019368 | ||
| 005 | 20200929170009.0 | ||
| 008 | 100626s1982 pr 000 j spa d | ||
| 040 |
_aDO-SdBNP _bspa _cBNPHU |
||
| 082 |
_aPR863.44 _bL473e, 1982 |
||
| 100 | 1 |
_aLedesma Davila, Sylvia, _941613 |
|
| 245 | 1 | 0 |
_aEslabones inconexos / _cSylvia Ledesma Davila. |
| 250 | _a2a ed. | ||
| 260 |
_aSan Juan de Puerto Rico : _bRamallo Bros, _c1982. |
||
| 300 |
_a117, [2] p. ; _c22 cm. |
||
| 504 | _aIncluye referencias bibliográficas y notas al pie de las páginas. | ||
| 590 | _aAutobiografiado por el autor | ||
| 650 | 4 |
_aCuentos puertorriqueños _9249 |
|
| 650 | 4 |
_aLiteratura puertorriqueña _ySIGLO XX _95311 |
|
| 049 | _aBNGR | ||
| 999 |
_c18885 _d18885 |
||